Pilot vision /

Bibliographic Details
Corporate Author: Civil Aeromedical Institute. Aeromedical Education Division
Format: Government Document Book
Language:English
Published: Oklahoma City, Okla. : the Division, [1990?]
Series:Medical facts for pilots ; AM-400-90/2.
Subjects:
Online Access:https://purl.fdlp.gov/GPO/LPS822

MARC

Tag First Indicator Second Indicator Subfields
LEADER 00000cam a2200000Ka 4500
001 in00001515721
008 990827s1990 okua f000 0 eng d
005 20230331145841.8
035 |a (OCoLC)ocm42254700 
035 |a (OCoLC)42254700 
035 |9 AJL0634AM 
035 |a in00001515721 
040 |a GPO  |b eng  |c GPO  |d MvI 
049 |a WWW 
074 |a 0431-E-03 (online) 
086 0 |a TD 4.202:97002253 
245 0 0 |a Pilot vision /  |c prepared by Aeromedical Education Division, Federal Aviation Administration, Civil Aeromedical Institute. 
264 1 |a Oklahoma City, Okla. :  |b the Division,  |c [1990?] 
336 |a text  |b txt  |2 rdacontent 
337 |a unmediated  |b n  |2 rdamedia 
338 |a unspecified  |b nc  |2 rdacarrier 
300 |a 1 volume 
490 1 |a Medical facts for pilots ;  |v AM-400-90/2 
500 |a "Publication AM-400-90/2." 
500 |a Title from title screen. 
538 |a Mode of access: Internet from the FAA web site. Address as of 8/26/99: http://162.58.27.106/aam-400a/400altitude.html; current access available via PURL. 
650 0 |a Air pilots  |x Health and hygiene. 
650 0 |a Vision. 
710 2 |a Civil Aeromedical Institute.  |b Aeromedical Education Division. 
830 0 |a Medical facts for pilots ;  |v AM-400-90/2. 
856 4 0 |u https://purl.fdlp.gov/GPO/LPS822  |t 0 
999 f f |i 632eb40b-50aa-34a8-b864-4e91d6fe0754  |s ea70a5b5-3581-3709-8ed4-9dfa1200a86b  |t 0 
952 f f |a Texas A&M University  |b College Station  |c Electronic Resources  |d Available Online  |t 0  |e TD 4.202:97002253  |h Superintendent of Documents classification 
998 f f |a TD 4.202:97002253  |t 0  |l Available Online